The Baptists : (Record no. 9811)
[ view plain ]
| 000 -LEADER | |
|---|---|
| fixed length control field | 01212cam a2200349Ia 4500 |
| 001 - CONTROL NUMBER | |
| control field | 318062270 |
| 003 - CONTROL NUMBER IDENTIFIER | |
| control field | OCoLC |
| 005 - DATE AND TIME OF LATEST TRANSACTION | |
| control field | 20241126110719.0 |
| 008 - FIXED-LENGTH DATA ELEMENTS--GENERAL INFORMATION | |
| fixed length control field | 090408m20052007stkc b 001 0ceng d |
| 020 ## - INTERNATIONAL STANDARD BOOK NUMBER | |
| International Standard Book Number | 9781857929959 |
| Qualifying information | (v. 1) |
| 020 ## - INTERNATIONAL STANDARD BOOK NUMBER | |
| International Standard Book Number | 1857929950 |
| Qualifying information | (v. 1) |
| 020 ## - INTERNATIONAL STANDARD BOOK NUMBER | |
| International Standard Book Number | 9781845500733 |
| Qualifying information | (v. 2) |
| 020 ## - INTERNATIONAL STANDARD BOOK NUMBER | |
| International Standard Book Number | 1845500733 |
| Qualifying information | (v. 2) |
| 020 ## - INTERNATIONAL STANDARD BOOK NUMBER | |
| International Standard Book Number | 9781845502119 |
| Qualifying information | (v. 3) |
| 020 ## - INTERNATIONAL STANDARD BOOK NUMBER | |
| International Standard Book Number | 1845502116 |
| Qualifying information | (v. 3) |
| 035 ## - SYSTEM CONTROL NUMBER | |
| System control number | (OCoLC)318062270 |
| 040 ## - CATALOGING SOURCE | |
| Original cataloging agency | EXN |
| Language of cataloging | eng |
| Transcribing agency | EXN |
| Modifying agency | CVN |
| -- | OCLCA |
| -- | OCLCQ |
| -- | OCLCF |
| -- | EUX |
| -- | OCLCO |
| -- | MHB |
| -- | OCLCQ |
| -- | AUTTC |
| -- | NZABT |
| -- | OCLCQ |
| 043 ## - | |
| -- | e-uk-en |
| -- | n-us--- |
| 082 ## - DEWEY DECIMAL CLASSIFICATION NUMBER | |
| Classification number | 286.09 |
| Item number | NET |
| 092 ## - LOCALLY ASSIGNED DEWEY CALL NUMBER (OCLC) | |
| Classification number | 286.09 |
| Item number | N475B |
| 100 1# - MAIN ENTRY--PERSONAL NAME | |
| Personal name | Nettles, Tom J |
| 9 (RLIN) | 17074 |
| 245 14 - TITLE STATEMENT | |
| Title | The Baptists : |
| Remainder of title | key people involved in forming a Baptist identity / |
| Statement of responsibility, etc. | Tom Nettles |
| 260 ## - PUBLICATION, DISTRIBUTION, ETC. | |
| Place of publication, distribution, etc. | Fearn, Scotland : |
| Name of publisher, distributor, etc. | Mentor, |
| Date of publication, distribution, etc. | ℗♭2005-℗♭2007 |
| 300 ## - PHYSICAL DESCRIPTION | |
| Extent | 3 volumes : |
| Other physical details | portraits ; |
| Dimensions | 22 cm |
| 504 ## - BIBLIOGRAPHY, ETC. NOTE | |
| Bibliography, etc. note | Includes bibliographical references and indexes |
| 650 #0 - SUBJECT ADDED ENTRY--TOPICAL TERM | |
| Topical term or geographic name entry element | Baptists |
| Geographic subdivision | England |
| General subdivision | History |
| 9 (RLIN) | 17075 |
| 650 #0 - SUBJECT ADDED ENTRY--TOPICAL TERM | |
| Topical term or geographic name entry element | Baptists |
| Geographic subdivision | United States |
| General subdivision | History |
| 9 (RLIN) | 2534 |
| 650 #0 - SUBJECT ADDED ENTRY--TOPICAL TERM | |
| Topical term or geographic name entry element | Baptists |
| Geographic subdivision | England |
| Form subdivision | Biography |
| 9 (RLIN) | 15471 |
| 650 #0 - SUBJECT ADDED ENTRY--TOPICAL TERM | |
| Topical term or geographic name entry element | Baptists |
| Geographic subdivision | United States |
| Form subdivision | Biography |
| 9 (RLIN) | 250 |
| 650 #0 - SUBJECT ADDED ENTRY--TOPICAL TERM | |
| Topical term or geographic name entry element | Baptists |
| Form subdivision | Biography |
| 9 (RLIN) | 17076 |
| 942 ## - ADDED ENTRY ELEMENTS (KOHA) | |
| Source of classification or shelving scheme | Dewey Decimal Classification |
| Koha item type | Books |
| Withdrawn status | Lost status | Source of classification or shelving scheme | Damaged status | Not for loan | Home library | Current Library | Shelving location | Date acquired | Total checkouts | Full call number | Barcode | Date last seen | Copy number | Price effective from | Koha item type |
|---|---|---|---|---|---|---|---|---|---|---|---|---|---|---|---|
| Dewey Decimal Classification | GRACE BIBLE COLLEGE | GRACE BIBLE COLLEGE | Church History | 2023-07-25 | 286.09 NET | 016398 | 2025-05-01 | v.1 | 2023-07-25 | Books |